000 00741nam a2200241 i 4500
001 bg
100 1 _aCZARNY, Elżbieta
245 1 0 _aMikroekonomia /
_cElżbieta Czarny, Ewelina Nojszewska.
260 _aWarszawa :
_bPolskie Wydaw. Ekonomiczne,
_c1997.
300 _a339, [2] s. :
_bwykr. ;
_c24 cm.
504 _aBibliogr. s. [341].
650 9 _aMikroekonomia
655 _aPodręczniki akademickie
700 1 _aNOJSZEWSKA, Ewelina
020 _a832081085X
040 _cBPK
041 0 _apl
080 _a330.101.542(075.8)
920 _a83-208-1085-X
942 _cKS
008 s pl f |000 0 pol
856 _uhttp://koha.tu.koszalin.pl/cgi-bin/koha/opac-detail.pl?biblionumber=33360
_yKatalog online BPK
999 _c33360
_d33360